Structuring FORTRAN 77 for business and general applications /

Guardado en:
Autor Principal: Seeds, Harice L.
Formato: Libro
Idioma:English
Publicado: New York : Wiley, c1981.
Materias:
Etiquetas: Agregar Etiqueta
Sin Etiquetas, Sea el primero en etiquetar este registro!
LEADER 00786cam a22002175a 4500
001 EIQ.libpla001209
008 810128s1981####nyua##########001#0#eng#d
005 20060818141843.0
245 1 0 |a Structuring FORTRAN 77 for business and general applications /  |c Harice L. Seeds. 
260 |a New York :  |b Wiley,  |c c1981. 
300 |a x, 512 p. :  |b il. ;  |c 23 cm. 
500 |a Incluye índice. 
020 |a 0471078360 (pbk.) 
100 1 |a Seeds, Harice L. 
740 0 |a Structuring F.O.R.T.R.A.N. 77 for business and general applications. 
082 0 0 |a 001.64/24  |2 19 
650 4 |a FORTRAN 77 (Lenguaje programación de computadores) 
650 4 |a FORTRAN 77 (Computer program language) 
010 |a  81000125  
040 |a DLC  |c DLC  |d AR-BbSID 
859 |a AR-BbSID  |b BIB. PLAPIQUI  |h 001.642 4  |i Se 31  |p 1334